Carnival Cruise Line Fleet - Statistics

General Stats
  • This quiz has been taken 45 times
  • The average score is 15 of 26
Answer Stats
Hint Answer % Correct
Dream-class Carnival Dream
88%
Spirit-class Carnival Spirit
88%
Vista-class Carnival Vista
88%
Splendor-class Carnival Splendor
85%
Fantasy-class Carnival Fantasy
82%
Conquest-class Carnival Conquest
76%
Dream-class Carnival Magic
68%
Conquest-class Carnival Freedom
62%
Dream-class Carnival Breeze
59%
Vista-class Carnival Horizon
59%
Destiny-class Carnival Sunshine
59%
Conquest-class Carnival Glory
53%
Conquest-class Carnival Liberty
53%
Destiny-class Carnival Triumph
50%
Destiny-class Carnival Victory
50%
Fantasy-class Carnival Elation
47%
Fantasy-class Carnival Imagination
44%
Spirit-class Carnival Pride
44%
Fantasy-class Carnival Sensation
44%
Fantasy-class Carnival Ecstasy
41%
Conquest-class Carnival Valor
41%
Fantasy-class Carnival Fascination
38%
Spirit-class Carnival Legend
38%
Spirit-class Carnival Miracle
38%
Fantasy-class Carnival Paradise
32%
Fantasy-class Carnival Inspiration
29%
No matching quizzes found
Score Distribution
Percent of People with Each Score
Percentile by Number Answered
Your Score History
You have not taken this quiz